| 000 | 01079naa a22003017a 4500 | ||
|---|---|---|---|
| 001 | BR7601950 | ||
| 003 | BR-BrBNA | ||
| 005 | 20240918173813.0 | ||
| 007 | ta | ||
| 008 | 230509b bl.||||| |||| 00| 0 por d | ||
| 040 |
_aBR-BrBNA _bpor _cBiblioteca Nacional de Agricultura |
||
| 041 | _a(Pt) | ||
| 072 |
_aE50 _b/G514 |
||
| 090 | _aE50 BR7601950 | ||
| 100 | 1 | _aGonzales, F.N. | |
| 100 | 1 | _aBastos, M.I. | |
| 111 | 1 |
_aEncontro Brasileiro de studos Populacionais _cRio de Janeiro, RJ (Brazil) _d29 Jul 1974 |
|
| 245 | 1 | _aMigracao rural e o trabalho volante na agricultura brasileira | |
| 260 | 3 |
_aRio de Janeiro, RJ (Brasil): _c1976. |
|
| 500 | _aEncontro brasileiro de estudos populacionais Rio de Janeiro, RJ (Brasil): 1976. p. 240-261 (BR7601950-AM)E50 | ||
| 650 | _aSociologia rural | ||
| 650 | _aMigracao rural | ||
| 650 | _aMao-de-obra | ||
| 650 | _aTrabalhador rural | ||
| 773 | 0 |
_tEncontro brasileiro de estudos populacionais _b _wE50 BR7601950 _gRio de Janeiro, RJ (Brasil), 1976. p. 240-261 |
|
| 909 |
_a202404 _bLucia _c55 _dLucia Elande |
||
| 942 |
_cAM _2AGRIS |
||
| 999 |
_c307020 _d307020 |
||